Vợ có nên đòi hỏi chuyện ấy? /

Сохранить в:
Библиографические подробности
Главный автор: Đinh Đoàn.
Формат: Статья
Язык:Vietnamese
Предметы:
Метки: Добавить метку
Нет меток, Требуется 1-ая метка записи!
Thư viện lưu trữ: Thư viện Trường Đại học Đà Lạt
LEADER 00734nam a2200277 4500
001 DLU090103577
005 ##20110215
040 # # |a DLU  |b vie 
041 # # |a vie 
044 # # |a vn 
100 # # |a Đinh Đoàn. 
245 # # |a Vợ có nên đòi hỏi chuyện ấy? /  |c Đinh Đoàn. 
653 # # |a Cảm xúc 
653 # # |a Giới tính 
653 # # |a Sinh lí 
653 # # |a Tâm lí 
773 # # |t Gia đình và trẻ em  |g Số 14, 2008, tr. 28-29 
920 # # |a Phòng Tạp chí -- Trung tâm Thông tin - Thư viện Trường Đại học Đà Lạt 
994 # # |a DLU 
900 # # |a True 
911 # # |a Nguyễn Thị Linh Chi 
925 # # |a G 
926 # # |a A 
927 # # |a BB 
980 # # |a Thư viện Trường Đại học Đà Lạt